| 000 | 00714nam a2200241Ia 4500 | ||
|---|---|---|---|
| 008 | 180523s9999 xx 000 0 und d | ||
| 020 | _a0-321-07865-9 | ||
| 050 | _aMAIN PE 1439 | ||
| 050 | _b.D87 2003 | ||
| 100 | _aDupont, Leslie. | ||
| 245 | 0 | _aWriting cornerstones : | |
| 245 | 0 | _bparagraphs in context / | |
| 245 | 0 | _cLeslie Dupont. | |
| 260 | _aNew York : | ||
| 260 | _bLongman Group Ltd., | ||
| 260 | _c2003 | ||
| 300 | _a202 pages : | ||
| 300 | _c23 cm. | ||
| 500 | _aIncludes index. | ||
| 650 | _aEnglish language -- Paragraphs -- Problems, exercises, etc. | ||
| 650 | _aReport writing -- Problems, exercises, etc. | ||
| 650 | _xEnglish language -- Rhetoric -- Problems, exercises, etc. | ||
| 999 |
_c357386 _d357386 |
||